Adobe Photoshop Lightroom Classic / (Record no. 203694)
[ view plain ]
| 000 -LEADER | |
|---|---|
| fixed length control field | 01479nam a2200349 ia4500 |
| 005 - DATE AND TIME OF LATEST TRANSACTION | |
| control field | 20260518112425.0 |
| 008 - FIXED-LENGTH DATA ELEMENTS--GENERAL INFORMATION | |
| fixed length control field | 260405t20252025njuao erbf 000 0 eng d |
| 020 ## - INTERNATIONAL STANDARD BOOK NUMBER | |
| International Standard Book Number | 9781394284610 |
| Terms of availability | RM 137.39 |
| Qualifying information | paperback |
| 040 ## - CATALOGING SOURCE | |
| Original cataloging agency | PPAK |
| Language of cataloging | eng |
| Transcribing agency | PPAK |
| Description conventions | rda |
| 082 04 - DEWEY DECIMAL CLASSIFICATION NUMBER | |
| Edition number | 23 |
| Classification number | 006.686 |
| 090 00 - LOCALLY ASSIGNED LC-TYPE CALL NUMBER (OCLC); LOCAL CALL NUMBER (RLIN) | |
| Classification number (OCLC) (R) ; Classification number, CALL (RLIN) (NR) | 006.686 |
| Feature heading | SYL |
| Feature heading | G |
| 100 1# - MAIN ENTRY--PERSONAL NAME | |
| Personal name | Sylvan, Rob, |
| Relator term | author. |
| 245 10 - TITLE STATEMENT | |
| Title | Adobe Photoshop Lightroom Classic / |
| Statement of responsibility, etc. | by Rob Sylvan |
| 246 30 - VARYING FORM OF TITLE | |
| Title proper/short title | Adobe Photoshop Lightroom Classic for dummies |
| 250 ## - EDITION STATEMENT | |
| Edition statement | 3rd Edition |
| 264 #1 - PRODUCTION, PUBLICATION, DISTRIBUTION, MANUFACTURE, AND COPYRIGHT NOTICE | |
| Place of production, publication, distribution, manufacture | Hoboken, New Jersey : |
| Name of producer, publisher, distributor, manufacturer | John Wiley & Sons, Inc., |
| Date of production, publication, distribution, manufacture, or copyright notice | 2025 |
| Date of production, publication, distribution, manufacture, or copyright notice | ©2025 |
| 300 ## - PHYSICAL DESCRIPTION | |
| Extent | xiii, 366 pages : |
| Other physical details | colour photographs ; |
| Dimensions | 23 cm |
| 336 ## - CONTENT TYPE | |
| Content type term | text |
| Source | rdacontent |
| 337 ## - MEDIA TYPE | |
| Media type term | unmediated |
| Source | rdamedia |
| 338 ## - CARRIER TYPE | |
| Carrier type term | volume |
| Source | rdacarrier |
| 490 1# - SERIES STATEMENT | |
| Series statement | LEARNING MADE EASY |
| Series statement | For dummies |
| 500 ## - GENERAL NOTE | |
| General note | Includes index |
| 520 ## - SUMMARY, ETC. | |
| Summary, etc. | New and experienced photographers will gain tips and tricks for using Adobe Photoshop Lightroom Classic. Learn to edit, organize, and share large numbers of digital photos. This edition walks through all of the software's fundamental features, as well as the newest AI-powered tools to help with noise removal and identifying specific photos |
| 630 ## - SUBJECT ADDED ENTRY--UNIFORM TITLE | |
| Uniform title | Adobe Photoshop lightroom. |
| 650 10 - SUBJECT ADDED ENTRY--TOPICAL TERM | |
| Topical term or geographic name entry element | Photography |
| General subdivision | Digital techniques |
| -- | Computer programs. |
| Topical term or geographic name entry element | Artificial intelligence |
| General subdivision | Computer programs. |
| 830 #0 - SERIES ADDED ENTRY--UNIFORM TITLE | |
| Uniform title | Learning made easy |
| Uniform title | For dummies |
| 942 ## - ADDED ENTRY ELEMENTS (KOHA) | |
| Source of classification or shelving scheme | Dewey Decimal Classification |
| Koha item type | Book |
No items available.